|
|
|
|
| LEADER |
00000nam a2200000 a 4500 |
| 001 |
vtls008629362 |
| 003 |
SK-MaSNL |
| 005 |
20260302075016.0 |
| 008 |
240314s2005 xo l g 000 0 slo |
| 015 |
|
|
|a SNBA2007/04-01521
|
| 035 |
|
|
|a 17D3095F-9E53-48CF-A8DE-F1F8745B5065
|
| 035 |
|
|
|a urn:nbn:sk:snk-amksy9
|
| 035 |
|
|
|a urn:nbn:sk:snk-am00570a
|
| 040 |
|
|
|a SNK
|b slo
|c SNK
|e AACR2
|
| 041 |
0 |
|
|a slo
|
| 044 |
|
|
|a xo
|c SK
|
| 072 |
|
7 |
|a 502
|x Životné prostredie a jeho ochrana
|2 konspekt
|
| 080 |
|
|
|a 316.42:004
|2 2001
|
| 080 |
|
|
|a 502/504
|2 2001
|
| 080 |
|
|
|a (041)
|2 2001
|
| 100 |
1 |
|
|a Spáčilová, Ružena
|4 aut
|9 12518
|
| 245 |
1 |
0 |
|a Životné prostredie v kontexte formovania informačnej spoločnosti na Slovensku
|c Ružena Spáčilová
|
| 250 |
|
|
|a [1. vyd.]
|
| 260 |
|
|
|a Bratislava
|b Prognostický ústav Slovenskej akadémie vied
|c 2005
|
| 300 |
|
|
|a 41 s.
|b tab.
|c 29 cm
|
| 490 |
1 |
|
|a Pracovné materiály
|a = Working papers
|x 0862-9137
|v č. 16
|
| 500 |
|
|
|a Hrebeňová väzba
|
| 504 |
|
|
|a Bibliogr. s. 37-40
|
| 546 |
|
|
|a Res. angl.
|
| 650 |
0 |
7 |
|a informačná spoločnosť
|2 SNKPH
|9 1237
|
| 650 |
0 |
7 |
|a životné prostredie
|2 SNKPH
|9 786
|
| 651 |
|
7 |
|a Slovensko
|2 SNKPH
|
| 655 |
|
7 |
|a brožúry
|2 SNKPH
|9 70146
|
| 810 |
1 |
|
|a Slovenská akadémia vied.
|b Prognostický ústav.
|t Pracovné materiály
|9 169413
|
| 830 |
|
0 |
|a Pracovné materiály
|9 283068
|
| 958 |
|
|
|a NB
|
| 968 |
|
|
|d 50
|
| 999 |
|
|
|c 1167430
|d 1169360
|
| 952 |
|
|
|a SNK
|b SNK
|y PREZ
|7 0
|p 17A0501362
|o snkSB 71889
|i snk2006/4985
|8 0
|0 0
|1 0
|4 0
|d 2006-03-08
|l 0
|r 2025-04-24 00:00:00
|w 2026-02-24
|
| 952 |
|
|
|a SNK
|b SNK
|y VYP
|7 0
|p 17A0501361
|o snkSB 71889 D1
|i snk2006/4986
|8 0
|0 0
|1 0
|4 0
|d 2006-03-08
|f 1
|l 0
|r 2016-06-30 00:00:00
|w 2026-02-24
|